1028 1363 1531 1029 1731 1217 1926 1846 1381 1900 1385 1177 1383 1711 1393 1731 1821 1176 1607 1930 1560 1259 1634 1945 1620 1332 1899 1680 1295 1369 1237 1109 1193 1408 1491 1137 1484 1536 1502 1133 1323 1126 1976 1504 1196 1958 1973 1491 1353 1966 1237 1896 1501 1839 1912 1123 1437 1457 1056 1683 1834 1688 1709 1972 1078 1907 1041 1036 1233 1544 1848 1379 1919 1698 1798 1228 1022 1437 1094 1793 1347 1489 1500 1931 1401 1878 1142 1534 1093 1036 1613 1522 1181 1366 1369 1449 1858 1104 1464 BCNSPRNW ULIB Ver.6.0+V

เปลี่ยนเป็นภาษาไทย

Change to English
 แสดงรายละเอียดบรรณานุกรม
  กลับหน้าหลัก

Brief Record : Get Marc (ISO 2709) : E-mail record : QR code < ปิดหน้าต่าง
LEADER : 00000nam 2200000uu 4500
001    13399114111
003     ULIB
008    120216s2540||||th 000 0 tha d
020    ^a9747787008 (ล.2)
060  0 WY106
245 00 ^aอนามัยชุมชน เล่ม 2 /^cเรณูวรรณ หาญวาฤทธิ์, บรรณาธิการ
250    ^aพิมพ์ครั้งที่ 1
260    ^aนนทบุรี :^bโครงการสวัสดิการวิชาการ สถาบันพระบรมราชชนก,^c2540
300    ^a2 ล. ;^c26 ซม.
650  2 ^aCommunity Health Services
650  4 ^aอนามัยชุมชน
650  4 ^aอนามัยสิ่งแวดล้อม
700 0  ^aเรณูวรรณ หาญวาฤทธิ์,^eบรรณาธิการ
710 2  ^aสถาบันพระบรมราชชนก. ^bโครงการสวัสดิการวิชาการ
945    ^p0^l0^i14435
945    ^p0^l0^i15466
995    ^aกัณชพร
999    ^aใช้งานได้ทุกระบบ
รายการนี้ยังไม่มีแท็ก
คุณยังไม่ได้ล็อกอิน คุณสามารถมีกิจกรรมร่วมกับเว็บไซต์ได้ แต่ต้องล็อกอินก่อน ::
  ล็อกอิน

รายการสื่อสารสนเทศ

ลำดับที่ ประเภท เลขเรียก/บาร์โค้ด สถานที่ สถานะ
- ไม่พบข้อมูล -

รายการใกล้เคียง
    หัวเรื่อง [Community Health Services]
    หัวเรื่อง [อนามัยชุมชน]
    หัวเรื่อง [อนามัยสิ่งแวดล้อม]

BibComment


ยังไม่เคยถูกคอมเมนท์

คอมเมนท์ทรัพยากรรายการนี้
  คอมเมนท์: อนามัยชุมชน เล่ม..


 Copyright 2026. Bcnsprnw @Library